FR - Kingdom Hearts - Personnages principaux - Statistiques

Statistiques générales
  • Ce quiz a été pris 751 fois
  • Le résultat moyen est 18 sur 21
Statistiques - réponses
Indice Réponse % Correct
Héros du jeu Sora
100%
Roi du château Disney Roi Mickey
99%
Capitaine de la garde royale Dingo
98%
Magicien du Royaume Donald
98%
L'héros a un faible pour elle... Kairi
98%
Meilleur ami de l'héros Riku
98%
La méchante principale de KH1, qui peut se transformer en dragon et qui a souvent un corbeau à ses cotés Maléfique
94%
Numéro XIII de l'organisation XIII et simili du héros Roxas
93%
Réussit l'examen de Symbole de Maîtrise, elle devient donc Maître de la Keyblade Aqua
90%
Disciple de la méchante principal de KH1 et ennemi du Roi Mickey. Il est un peu enveloppé... Pat Hibulaire
88%
N'arrive pas à contrôler les ténébres qui sont en lui, et finit par succomber Terra
88%
Ancien souverain de la Forteresse Oubliée qui fut également chercheur. Il a volé l'identité du vrai chercheur et il est le Sans-Coeur de quelqu'un Ansem
87%
Son coté "lumière" est utile pour faire la X-blade Ventus
87%
Posséde un simili et un Sans-Coeur, il cherche à reconstruire la X-blade Maître Xehanort
84%
Simili de Kairi, cette "sorcière" manipule les souvenirs de Sora et de ceux qui lui sont liés Naminé
84%
Simili de quelqu'un et chef de l'organisation XIII Xemnas
81%
Maître du Roi Mickey, qui aidera Sora et son meilleur ami par la suite Maître Yen Sid
76%
Il est le coté "ténébre" utile pour faire la x-blade Vanitas
69%
BONUS : Personnage qui vend ou synthétise des objets pour en créer d'autre Mogs
66%
Maître de 3 personnes et gardien de la Contrée du Départ Maître Eraqus
62%
Le vrai chercheur à la Forteresse Oubliée, mais quel est son surnom au début de KH2 ? DiZ alias Ansem le sage
50%
Aucun quiz correspondant
Distribution des résultats
% des personnes avec chaque résultat
Percentile par nombre de réponses
Votre historique - résultats
Vous n’avez pas pris ce quiz